<?xml version="1.0" encoding="UTF-8"?>
<record
    xmlns:xsi="http://www.w3.org/2001/XMLSchema-instance"
    xsi:schemaLocation="http://www.loc.gov/MARC21/slim http://www.loc.gov/standards/marcxml/schema/MARC21slim.xsd"
    xmlns="http://www.loc.gov/MARC21/slim">

  <leader>00936nam a22002537a 4500</leader>
  <controlfield tag="005">20170123162319.0</controlfield>
  <datafield tag="010" ind1=" " ind2=" ">
    <subfield code="a">B-283922</subfield>
  </datafield>
  <datafield tag="020" ind1=" " ind2=" ">
    <subfield code="c">30.00</subfield>
    <subfield code="a">8171211526</subfield>
  </datafield>
  <datafield tag="035" ind1=" " ind2=" ">
    <subfield code="a">B-283922</subfield>
  </datafield>
  <datafield tag="037" ind1=" " ind2=" ">
    <subfield code="b">Cen Lib/Ret</subfield>
  </datafield>
  <datafield tag="040" ind1=" " ind2=" ">
    <subfield code="a">DPL</subfield>
    <subfield code="b">UR</subfield>
  </datafield>
  <datafield tag="082" ind1=" " ind2=" ">
    <subfield code="a">841.092</subfield>
    <subfield code="b">&#x645; &#x648; &#x645;</subfield>
  </datafield>
  <datafield tag="100" ind1=" " ind2=" ">
    <subfield code="a">&#x62A;&#x648;&#x642;&#x6CC;&#x631; &#x627;&#x62D;&#x645;&#x62F; &#x62E;&#x627;&#x646; </subfield>
    <subfield code="9">878</subfield>
  </datafield>
  <datafield tag="245" ind1=" " ind2=" ">
    <subfield code="a">&#x645;&#x648;&#x646;&#x648;&#x6AF;&#x631;&#x627;&#x641; : </subfield>
    <subfield code="c">&#x62A;&#x648;&#x642;&#x6CC;&#x631; &#x627;&#x62D;&#x645;&#x62F; &#x62E;&#x627;&#x646; </subfield>
    <subfield code="b"> &#x645;&#x648;&#x645;&#x646; &#x62E;&#x627;&#x646; &#x645;&#x648;&#x645;&#x646; /</subfield>
  </datafield>
  <datafield tag="246" ind1=" " ind2=" ">
    <subfield code="a">Monograph : Momin Khan Momin /</subfield>
    <subfield code="b">by Tauqeer Ahmad Khan </subfield>
  </datafield>
  <datafield tag="260" ind1=" " ind2=" ">
    <subfield code="a"> &#x62F;&#x6C1;&#x644;&#x6CC; </subfield>
    <subfield code="b">&#x627;&#x631;&#x62F;&#x648; &#x627;&#x6A9;&#x627;&#x62F;&#x645;&#x6CC; </subfield>
    <subfield code="c">2007</subfield>
  </datafield>
  <datafield tag="270" ind1=" " ind2=" ">
    <subfield code="b"> &#x62F;&#x6C1;&#x644;&#x6CC; </subfield>
    <subfield code="e">110006</subfield>
  </datafield>
  <datafield tag="300" ind1=" " ind2=" ">
    <subfield code="a">120p.</subfield>
    <subfield code="c">21cm(pbk)</subfield>
  </datafield>
  <datafield tag="650" ind1=" " ind2=" ">
    <subfield code="a"> &#x645;&#x648;&#x645;&#x646; &#x62E;&#x627;&#x646;&#x60C; - 1800-1851&#x61F; - &#x62A;&#x646;&#x642;&#x6CC;&#x62F; &#x627;&#x648;&#x631; &#x62A;&#x634;&#x631;&#x6CC;&#x62D;</subfield>
    <subfield code="9">116391</subfield>
  </datafield>
  <datafield tag="650" ind1=" " ind2=" ">
    <subfield code="a">&#x645;&#x648;&#x645;&#x646; &#x62E;&#x627;&#x646;&#x60C; - 1800-1851&#x61F;</subfield>
    <subfield code="9">116392</subfield>
  </datafield>
  <datafield tag="650" ind1=" " ind2=" ">
    <subfield code="a">Momin Khan, -- 1800-1851? -- Criticism and interpretation.</subfield>
    <subfield code="9">116393</subfield>
  </datafield>
  <datafield tag="650" ind1=" " ind2=" ">
    <subfield code="a">Momin Khan, -- 1800-1851?</subfield>
    <subfield code="9">116394</subfield>
  </datafield>
  <datafield tag="942" ind1=" " ind2=" ">
    <subfield code="2">ddc</subfield>
    <subfield code="c">UR</subfield>
    <subfield code="h">841.092</subfield>
    <subfield code="m">&#x645; &#x648; &#x645;</subfield>
  </datafield>
  <datafield tag="999" ind1=" " ind2=" ">
    <subfield code="c">106981</subfield>
    <subfield code="d">106981</subfield>
  </datafield>
  <datafield tag="952" ind1=" " ind2=" ">
    <subfield code="0">0</subfield>
    <subfield code="1">0</subfield>
    <subfield code="4">0</subfield>
    <subfield code="7">0</subfield>
    <subfield code="a">L</subfield>
    <subfield code="b">L</subfield>
    <subfield code="d">2016-01-01</subfield>
    <subfield code="e">Cen Lib/Ret</subfield>
    <subfield code="g">30.00</subfield>
    <subfield code="l">0</subfield>
    <subfield code="o">841.092 &#x645; &#x648; &#x645;</subfield>
    <subfield code="p">B-283922</subfield>
    <subfield code="r">2016-01-01 00:00:00</subfield>
    <subfield code="t">1</subfield>
    <subfield code="v">30.00</subfield>
    <subfield code="w">2016-01-01</subfield>
    <subfield code="y">UR</subfield>
  </datafield>
</record>
